| 000 | 01011cam a22003011 4500 | ||
|---|---|---|---|
| 001 | 9360 | ||
| 003 | BD-RjUL | ||
| 005 | 20211208234750.0 | ||
| 008 | 140120m19631973nyua b 001 0 eng | ||
| 035 | _a(BD-RjUL)9405 | ||
| 035 | _a(OCoLC)796798 | ||
| 040 |
_aDLC _cNIC _dOCoLC _dDLC _dBD-RjUL _beng |
||
| 041 | _aeng | ||
| 082 |
_a539.778 _bBAN 1963 |
||
| 100 | 1 |
_aBarkas, Walter H. _929002 |
|
| 245 | 1 | 0 |
_aNuclear research emulsions / _cWalter H. Barkas. |
| 260 |
_aNew York : _bAcademic Press, _cc1963 |
||
| 300 |
_axvi, 518 : _billus. ; _c24 cm. |
||
| 504 | _aIncludes bibliographies Index. | ||
| 505 | 0 | _av. 1. Techniques and theory.--v. 2. Particle behavior and emulsion applications, edited by D.A. Evans. | |
| 650 | 0 |
_aPhotography in nuclear physics. _929003 |
|
| 650 | 0 |
_aPhotographic emulsions. _929004 |
|
| 650 | 0 |
_aParticles (Nuclear physics) _920725 |
|
| 700 | 1 |
_aEvans, David A. _eed. _929005 |
|
| 942 |
_2ddc _cBK |
||
| 999 |
_c9360 _d9360 |
||